[Event "WC-2016-P-00006"]
[Site "LSS email"]
[Date "2012.02.12"]
[Round "?"]
[White "Johansen, Svein Age"]
[Black "Pott, Brian"]
[Result "0-1"]
[WhiteElo "1957"]
[BlackElo "1833"]
[PlyCount "42"]
[EventDate "2012.02.15"]
[EventType "tourn (corr)"]
[EventRounds "12"]
[EventCountry "GER"]
[SourceTitle "Telechess CBM 165"]
[Source "ChessBase"]
[SourceDate "2015.03.11"]
[SourceVersion "1"]
[SourceVersionDate "2015.03.11"]
[SourceQuality "1"]

1. e4 e5 2. Nf3 Nc6 3. d4 exd4 4. Bc4 Nf6 5. e5 d5 6. Bb5 Ne4 7. Nxd4 Bd7 8. Bxc6 bxc6 9. 0-0 Bc5 10. f3 Ng5 11. f4 Ne4 12. Be3 Bb6 13. Nd2 Nxd2 14. Qxd2 c5 15. Nf3 d4 16. Bf2 Bc6 17. Qd3 Qd7 18. f5 0-0 19. a4 a5 20. b3 Bd5 21. Rae1 Qc6 0-1

[Event "RM-2011-0-00086"]
[Site "LSS email"]
[Date "2011.12.19"]
[Round "?"]
[White "Johansen, Svein Age"]
[Black "Sciarretta, Robert W"]
[Result "1/2-1/2"]
[WhiteElo "2139"]
[BlackElo "2191"]
[PlyCount "74"]
[EventDate "2011.11.17"]
[EventType "tourn (corr)"]
[EventRounds "6"]
[EventCountry "GER"]
[SourceTitle "Telechess CBM 155"]
[Source "ChessBase"]
[SourceDate "2013.07.16"]
[SourceVersion "1"]
[SourceVersionDate "2013.07.16"]
[SourceQuality "1"]

1. e4 e6 2. d4 d5 3. Nc3 Bb4 4. e5 b6 5. Qg4 Bf8 6. Nf3 Qd7 7. Bb5 c6 8. Be2 Ba6 9. 0-0 Ne7 10. a4 h5 11. Qh3 Bxe2 12. Nxe2 c5 13. a5 Qb7 14. Nf4 h4 15. axb6 axb6 16. Be3 Nbc6 17. c3 cxd4 18. Nxd4 Nxd4 19. Bxd4 b5 20. b4 Nf5 21. Qd3 Rxa1 22. Rxa1 Be7 23. Ra7 Qc6 24. Ne2 0-0 25. g4 hxg3 26. hxg3 Ra8 27. Rxa8+ Qxa8 28. Qxb5 Qa1+ 29. Kg2 Qb1 30. f3 g6 31. Kf2 Qh1 32. Qd3 Qh2+ 33. Kf1 Qh1+ 34. Bg1 Bd8 35. f4 Bb6 36. Nd4 Qh3+ 37. Kf2 Kg7 1/2-1/2

[Event "RM-2011-0-00086"]
[Site "LSS email"]
[Date "2011.12.19"]
[Round "?"]
[White "Nemec, Zdenek"]
[Black "Johansen, Svein Age"]
[Result "1/2-1/2"]
[WhiteElo "2228"]
[BlackElo "2139"]
[PlyCount "125"]
[EventDate "2011.11.17"]
[EventType "tourn (corr)"]
[EventRounds "6"]
[EventCountry "GER"]
[SourceTitle "Telechess CBM 155"]
[Source "ChessBase"]
[SourceDate "2013.07.16"]
[SourceVersion "1"]
[SourceVersionDate "2013.07.16"]
[SourceQuality "1"]

1. e4 c5 2. Nf3 Nc6 3. Bb5 g6 4. Bxc6 dxc6 5. h3 Bg7 6. d3 Nf6 7. Nc3 0-0 8. 0-0 b6 9. Bf4 Ne8 10. Qd2 f6 11. Bh6 e5 12. a4 Nc7 13. a5 b5 14. Rfd1 Qe7 15. Ne2 Bxh6 16. Qxh6 Ne6 17. Nh2 Bd7 18. Rd2 Rad8 19. Qe3 Bc8 20. c3 c4 21. d4 exd4 22. cxd4 Rde8 23. Nf3 Nc7 24. Nc3 Qf7 25. Re2 g5 26. Qd2 Ne6 27. Re3 Nf4 28. Ne2 Qg6 29. a6 Bd7 30. Rf1 Rxe4 31. Nxf4 gxf4 32. Rxe4 Qxe4 33. Re1 Qf5 34. Qb4 Qh5 35. Kh2 Qd5 36. Qe7 h5 37. Kh1 Rf7 38. Qd8+ Kg7 39. Qb8 Be6 40. Nh4 Kh7 41. Qxf4 Bd7 42. Kg1 Qg5 43. Qxg5 fxg5 44. Nf3 Rg7 45. Re5 Kh6 46. Rc5 g4 47. hxg4 Rxg4 48. d5 cxd5 49. Rxd5 Be8 50. Re5 Bg6 51. Rxb5 Be4 52. Ne1 Rg5 53. Rxg5 Kxg5 54. g3 Kf5 55. Kf1 Kg4 56. Ke2 Bc6 57. Nc2 Bb5 58. Ne3+ Kh3 59. Kf3 Bxa6 60. Kf4 Bb5 61. Ke4 Kh2 62. Nc2 Kg2 63. Na3 1/2-1/2

[Event "SM-2011-0-00168"]
[Site "LSS email"]
[Date "2011.09.07"]
[Round "?"]
[White "Johansen, Svein Age"]
[Black "Canizares Cuadra, Pedro"]
[Result "0-1"]
[WhiteElo "1957"]
[BlackElo "2240"]
[PlyCount "122"]
[EventDate "2011.07.29"]
[EventType "tourn (corr)"]
[EventRounds "6"]
[EventCountry "GER"]
[SourceTitle "Telechess CBM 165"]
[Source "ChessBase"]
[SourceDate "2015.03.11"]
[SourceVersion "1"]
[SourceVersionDate "2015.03.11"]
[SourceQuality "1"]

1. e4 c5 2. Nf3 d6 3. Bb5+ Bd7 4. Bxd7+ Qxd7 5. c4 Nc6 6. d4 Qg4 7. d5 Qxe4+ 8. Be3 Nd4 9. Qa4+ b5 10. Qa6 Nc2+ 11. Kd2 Qd3+ 12. Kc1 Rb8 13. Qxa7 Rd8 14. Rd1 Qf5 15. Nh4 Qe4 16. Nc3 Qxc4 17. Kxc2 Qxh4 18. Nxb5 Qc4+ 19. Nc3 g6 20. Re1 Qg4 21. Bd2 Bg7 22. Qc7 Qf5+ 23. Kc1 Bd4 24. Nb5 Be5 25. Na7 Bf6 26. Nc6 Rc8 27. Qxd6 Kf8 28. Qg3 Qxd5 29. Ne5 Kg7 30. Qf3 Qd6 31. Bc3 Nh6 32. g4 Rhd8 33. a4 Kg8 34. Qe2 Bxe5 35. Bxe5 Qc6 36. a5 f6 37. Bc3 Rd7 38. f4 Kf8 39. Kc2 Rcd8 40. h3 Nf7 41. g5 f5 42. h4 Qc7 43. Ra4 Qd6 44. h5 gxh5 45. Qxh5 Qd3+ 46. Kc1 Qb5 47. Ra3 Qc4 48. Qf3 Nd6 49. Qf1 Qxf1 50. Rxf1 Nc4 51. Rb3 Ne3 52. Bg7+ Kxg7 53. Rxe3 Ra8 54. Ra3 Rd4 55. Kc2 Ra6 56. Raa1 Rc4+ 57. Kd3 Rb4 58. Rfe1 e6 59. Kc3 Rb5 60. b3 Raxa5 61. Rxa5 Rxa5 0-1

[Event "SM-2011-0-00168"]
[Site "LSS email"]
[Date "2011.09.07"]
[Round "?"]
[White "Johansen, Svein Age"]
[Black "Kriksciunas, Bronislavas"]
[Result "0-1"]
[WhiteElo "1957"]
[BlackElo "2189"]
[PlyCount "62"]
[EventDate "2011.07.29"]
[EventType "tourn (corr)"]
[EventRounds "6"]
[EventCountry "GER"]
[SourceTitle "Telechess CBM 165"]
[Source "ChessBase"]
[SourceDate "2015.03.11"]
[SourceVersion "1"]
[SourceVersionDate "2015.03.11"]
[SourceQuality "1"]

1. e4 c5 2. Nf3 Nc6 3. Bb5 e6 4. 0-0 Nge7 5. c4 e5 6. d3 g6 7. Nc3 Bg7 8. a3 0-0 9. b4 d6 10. bxc5 dxc5 11. Be3 Nd4 12. h3 f5 13. Bg5 h6 14. Bxe7 Qxe7 15. Nd5 Qd8 16. Nxd4 cxd4 17. f3 Be6 18. Qd2 Rf7 19. Ba4 Rc8 20. Bc2 Kh7 21. Rab1 h5 22. Qe1 b6 23. a4 Rc5 24. Rb2 Bh6 25. Rb5 Qf8 26. Rb1 Qd6 27. Qe2 Kg7 28. Kh1 Bg5 29. Qe1 Bd7 30. Qg3 Kh6 31. h4 Bd8 0-1

[Event "RA-2011-0-00137"]
[Site "LSS email"]
[Date "2011.06.13"]
[Round "?"]
[White "Hrubaru, Mircea"]
[Black "Johansen, Svein Age"]
[Result "1-0"]
[WhiteElo "1833"]
[BlackElo "2103"]
[PlyCount "37"]
[EventDate "2011.05.24"]
[EventType "tourn (corr)"]
[EventRounds "6"]
[EventCountry "GER"]
[SourceTitle "Telechess CBM 151"]
[Source "ChessBase"]
[SourceDate "2012.11.13"]
[SourceVersion "1"]
[SourceVersionDate "2012.11.13"]
[SourceQuality "1"]

1. e4 c5 2. Nf3 d6 3. d4 cxd4 4. Nxd4 Nf6 5. Nc3 a6 6. Be3 e5 7. Nf3 Qc7 8. a4 Be7 9. a5 0-0 10. Be2 Nc6 11. Bb6 Qd7 12. Nd2 d5 13. Nxd5 Nxd5 14. exd5 Qxd5 15. 0-0 Bf5 16. Nc4 Qe6 17. Ne3 Bd8 18. Bc5 Qg6 19. Bxf8 1-0

[Event "RA-2011-0-00137"]
[Site "LSS email"]
[Date "2011.06.13"]
[Round "?"]
[White "Johansen, Svein Age"]
[Black "Nowak, Ireneusz"]
[Result "1-0"]
[WhiteElo "2103"]
[BlackElo "2077"]
[PlyCount "103"]
[EventDate "2011.05.24"]
[EventType "tourn (corr)"]
[EventRounds "6"]
[EventCountry "GER"]
[SourceTitle "Telechess CBM 147"]
[Source "ChessBase"]
[SourceDate "2012.03.16"]
[SourceVersion "1"]
[SourceVersionDate "2012.03.16"]
[SourceQuality "1"]

1. e4 c5 2. Nc3 Nc6 3. f4 g6 4. Nf3 Bg7 5. Bb5 Nd4 6. 0-0 Nxb5 7. Nxb5 d6 8. a4 Nf6 9. d3 0-0 10. Qe1 Bd7 11. Qh4 c4 12. e5 Ng4 13. h3 Qb6+ 14. d4 Bxb5 15. axb5 Nh6 16. g4 f6 17. e6 Qxb5 18. c3 a5 19. f5 Nxf5 20. gxf5 Qxf5 21. Qg4 Qd5 22. h4 f5 23. Qg2 Rf6 24. Ng5 Qxg2+ 25. Kxg2 h6 26. Nf7 Rxe6 27. Nxh6+ Kh8 28. Nf7+ Kg8 29. Ng5 Re2+ 30. Kf3 Rh2 31. Kg3 Re2 32. h5 gxh5 33. Rxf5 h4+ 34. Kxh4 Re1 35. Kg3 Rf8 36. Kf2 Rd1 37. Ke2 Rxf5 38. Kxd1 Bh6 39. Ne4 Rf1+ 40. Kc2 Kf7 41. Nd2 Bxd2 42. Kxd2 b6 43. Ra4 d5 44. Kc2 Kf6 45. Ra1 Kf5 46. Rb1 b5 47. Ra1 a4 48. Kb1 e5 49. dxe5 Kxe5 50. Ka2 d4 51. cxd4+ Kxd4 52. Be3+ 1-0

[Event "RA-2011-0-00137"]
[Site "LSS email"]
[Date "2011.06.13"]
[Round "?"]
[White "Sciarretta, Robert W"]
[Black "Johansen, Svein Age"]
[Result "1-0"]
[WhiteElo "2163"]
[BlackElo "2103"]
[PlyCount "81"]
[EventDate "2011.05.24"]
[EventType "tourn (corr)"]
[EventRounds "6"]
[EventCountry "GER"]
[SourceTitle "Telechess CBM 151"]
[Source "ChessBase"]
[SourceDate "2012.11.13"]
[SourceVersion "1"]
[SourceVersionDate "2012.11.13"]
[SourceQuality "1"]

1. d4 d5 2. c4 c6 3. Nf3 Nf6 4. Nc3 Bf5 5. cxd5 cxd5 6. Qb3 Qb6 7. Qxb6 axb6 8. e3 e6 9. Bb5+ Nfd7 10. Ne5 Bd6 11. Nxd7 Nxd7 12. f3 Ke7 13. e4 dxe4 14. fxe4 Bg6 15. e5 Bb4 16. 0-0 Rhd8 17. Bg5+ f6 18. Bh4 Ra5 19. a4 Bxc3 20. bxc3 Be4 21. c4 Bc6 22. Rae1 Bxb5 23. axb5 Kf7 24. Re3 Rda8 25. exf6 g6 26. Rfe1 Re8 27. Bg3 Ra4 28. d5 e5 29. Bxe5 Nxe5 30. Rxe5 Rxe5 31. Rxe5 Rxc4 32. Re6 Rc5 33. Rxb6 Rxd5 34. Kf2 h6 35. Ke3 Re5+ 36. Kd3 Rd5+ 37. Kc4 Rd2 38. Rxb7+ Kxf6 39. Rh7 Ke5 40. b6 Kd6 41. Kc3 1-0

[Event "OP-2011-0-01544"]
[Site "LSS email"]
[Date "2011.05.22"]
[Round "?"]
[White "Johansen, Svein Age"]
[Black "Pons, Francisco"]
[Result "1-0"]
[WhiteElo "2139"]
[BlackElo "1325"]
[PlyCount "45"]
[EventDate "2011.05.19"]
[EventType "tourn (corr)"]
[EventRounds "4"]
[EventCountry "GER"]
[SourceTitle "Telechess CBM 151"]
[Source "ChessBase"]
[SourceDate "2012.11.13"]
[SourceVersion "1"]
[SourceVersionDate "2012.11.13"]
[SourceQuality "1"]

1. e4 c5 2. Nc3 Nc6 3. f4 d6 4. Nf3 g6 5. Bb5 Bg7 6. Bxc6+ bxc6 7. 0-0 Nf6 8. d3 0-0 9. Qe1 Bg4 10. Qh4 Bd7 11. Bd2 Nh5 12. e5 dxe5 13. fxe5 f5 14. Qc4+ e6 15. Na4 Bc8 16. Nxc5 Qd5 17. Qxd5 cxd5 18. d4 Rb8 19. b3 Rf7 20. Ne1 h6 21. Ned3 g5 22. Rf3 Bh8 23. Rh3 1-0

[Event "LSS WC-2010-F-00008"]
[Site "LSS email"]
[Date "2010.11.17"]
[Round "?"]
[White "Johansen, Svein Age"]
[Black "Morin, Stephane"]
[Result "1-0"]
[WhiteElo "1957"]
[BlackElo "1960"]
[PlyCount "21"]
[EventDate "2010.11.23"]
[EventType "tourn (corr)"]
[EventRounds "10"]
[EventCountry "GER"]
[SourceTitle "Corr 2015"]
[Source "ChessBase"]
[SourceDate "2015.07.17"]
[SourceVersion "1"]
[SourceVersionDate "2015.07.17"]
[SourceQuality "1"]

1. e4 Nc6 2. Nf3 f5 3. exf5 d5 4. d4 Bxf5 5. Bb5 Qd6 6. Ne5 Nf6 7. 0-0 Nd7 8. Bxc6 bxc6 9. Bf4 Nxe5 10. Bxe5 Qb4 11. Qh5+ 1-0

[Event "LSS SA-2010-0-00156"]
[Site "LSS email"]
[Date "2010.09.29"]
[Round "?"]
[White "Johansen, Svein Age"]
[Black "Buczinski, Henryk"]
[Result "1-0"]
[WhiteElo "2086"]
[BlackElo "2131"]
[PlyCount "89"]
[EventDate "2010.09.16"]
[EventType "tourn (corr)"]
[EventRounds "6"]
[EventCountry "GER"]
[SourceTitle "Telechess CBM 147"]
[Source "ChessBase"]
[SourceDate "2012.03.16"]
[SourceVersion "1"]
[SourceVersionDate "2012.03.16"]
[SourceQuality "1"]

1. e4 e6 2. d4 d5 3. Nc3 Bb4 4. e5 c5 5. a3 Bxc3+ 6. bxc3 Ne7 7. Qg4 0-0 8. Bd3 Nbc6 9. Qh5 Ng6 10. Nf3 Qc7 11. Be3 c4 12. Bxg6 fxg6 13. Qg4 Qb6 14. h4 Bd7 15. Kd2 Rf5 16. Rab1 Qa6 17. h5 gxh5 18. Rxh5 Rxh5 19. Qxh5 Be8 20. Qh3 Nd8 21. Rh1 Bg6 22. Nh4 Be4 23. f3 Bxc2 24. Kxc2 Qxa3 25. Bc1 Qb3+ 26. Kd2 Qa2+ 27. Ke3 Qc2 28. Kf4 a5 29. Kg3 Ra6 30. Bg5 Nf7 31. Qg4 a4 32. Bf6 g6 33. Rc1 Qd3 34. Rd1 Qc2 35. Rd2 Qxd2 36. Nxg6 hxg6 37. Qxg6+ Kf8 38. Qg7+ Ke8 39. Qg8+ Kd7 40. Qxf7+ Kc6 41. Qxe6+ Kc7 42. Qg8 b5 43. Qd8+ Kb7 44. Qxd5+ Rc6 45. Qd7+ 1-0

[Event "LSS SA-2010-0-00156"]
[Site "LSS email"]
[Date "2010.09.29"]
[Round "?"]
[White "Salzmann, Stefan"]
[Black "Johansen, Svein Age"]
[Result "1/2-1/2"]
[WhiteElo "2123"]
[BlackElo "2086"]
[PlyCount "53"]
[EventDate "2010.09.16"]
[EventType "tourn (corr)"]
[EventRounds "6"]
[EventCountry "GER"]
[SourceTitle "Telechess CBM 147"]
[Source "ChessBase"]
[SourceDate "2012.03.16"]
[SourceVersion "1"]
[SourceVersionDate "2012.03.16"]
[SourceQuality "1"]

1. d4 d5 2. c4 c6 3. Nf3 Nf6 4. Nc3 Bf5 5. e3 e6 6. Nh4 Bg6 7. Be2 Nbd7 8. 0-0 Be7 9. g3 Qc7 10. cxd5 cxd5 11. Bd2 a6 12. Rc1 Qb6 13. Na4 Qa7 14. Nxg6 hxg6 15. b4 b5 16. Nc5 Nb6 17. Qc2 Nc4 18. a4 0-0 19. Ra1 Qb6 20. Ra2 Ra7 21. Rfa1 Rfa8 22. Bc3 Bd6 23. Kg2 g5 24. h3 Qc7 25. Qb1 Be7 26. Bf3 Qb6 27. Qd3 1/2-1/2

[Event "CP-2010-P-00024"]
[Site "LSS email"]
[Date "2010.09.28"]
[Round "?"]
[White "Kelbl, Jiri"]
[Black "Johansen, Svein Age"]
[Result "1/2-1/2"]
[WhiteElo "1646"]
[BlackElo "2095"]
[PlyCount "74"]
[EventDate "2010.10.01"]
[EventType "tourn (corr)"]
[EventRounds "6"]
[EventCountry "GER"]
[SourceTitle "Corr 2013"]
[Source "ChessBase"]
[SourceDate "2012.11.12"]
[SourceVersion "1"]
[SourceVersionDate "2012.11.12"]
[SourceQuality "1"]

1. e4 e5 2. Nf3 Nc6 3. Bb5 a6 4. Ba4 Nf6 5. 0-0 Be7 6. Re1 b5 7. Bb3 d6 8. c3 0-0 9. h3 Na5 10. Bc2 c5 11. d4 Qc7 12. Nbd2 cxd4 13. cxd4 Nc6 14. Nb3 a5 15. Be3 a4 16. Nbd2 Bd7 17. Rc1 Rac8 18. Nf1 Qb7 19. Ng3 Nb4 20. Bb1 Rxc1 21. Bxc1 Nc6 22. Nf5 Bxf5 23. exf5 Re8 24. dxe5 dxe5 25. a3 Bc5 26. Bg5 Qb6 27. Re2 Nd4 28. Nxd4 Rd8 29. Qc1 Bxd4 30. Rc2 h6 31. Bh4 Kh7 32. Kh2 e4 33. Re2 Re8 34. Qe1 Qc5 35. Bxf6 gxf6 36. g3 e3 37. fxe3 Rxe3 1/2-1/2

[Event "LSS WC-2009-F-00007"]
[Site "LSS email"]
[Date "2009.11.03"]
[Round "?"]
[White "Carroll, Patrick J"]
[Black "Johansen, Svein Age"]
[Result "1-0"]
[WhiteElo "2113"]
[BlackElo "2076"]
[PlyCount "121"]
[EventDate "2009.11.08"]
[EventType "tourn (corr)"]
[EventRounds "10"]
[EventCountry "GER"]
[SourceTitle "Telechess CBM 141"]
[Source "ChessBase"]
[SourceDate "2011.03.17"]
[SourceVersion "1"]
[SourceVersionDate "2011.03.17"]
[SourceQuality "1"]

1. e4 c5 2. Nf3 d6 3. d4 cxd4 4. Nxd4 Nf6 5. Nc3 g6 6. Be3 Bg7 7. f3 Nc6 8. Qd2 0-0 9. 0-0-0 d5 10. Qe1 e5 11. Nxc6 bxc6 12. exd5 cxd5 13. Bg5 Be6 14. Bc4 Qc7 15. Bxd5 Nxd5 16. Nxd5 Bxd5 17. Rxd5 Qc4 18. Ra5 Qc7 19. Rb5 h6 20. Bd2 Rfd8 21. Qe2 Qc6 22. a3 Rac8 23. Bb4 Qf6 24. Rd1 Qf4+ 25. Kb1 Qxh2 26. Rbd5 Rxd5 27. Rxd5 Qg1+ 28. Ka2 Qb6 29. c4 Qe6 30. Kb3 Rb8 31. Qe3 a6 32. Qa7 Qe8 33. Rd2 Bf8 34. Qxa6 e4 35. fxe4 Qxe4 36. Qf6 Qe3+ 37. Qc3 Qe6 38. Kc2 Bg7 39. Qd3 Qb6 40. c5 Qe6 41. Qd5 Qa6 42. Kb3 Rc8 43. Rc2 Rc6 44. Qd8+ Kh7 45. Qd7 Kg8 46. Rf2 f5 47. Rd2 Re6 48. a4 h5 49. Rd6 Rxd6 50. Qxd6 Qe2 51. Qd5+ Kh7 52. Bc3 Bxc3 53. bxc3 Qe1 54. c6 Qb1+ 55. Kc4 Qa2+ 56. Kc5 Qa3+ 57. Kb6 Qxc3 58. c7 Qb4+ 59. Qb5 Qd4+ 60. Kb7 Qe4+ 61. Kb8 1-0

[Event "LSS CP-2009-P-00048"]
[Site "LSS email"]
[Date "2009.09.27"]
[Round "?"]
[White "Johansen, Svein Age"]
[Black "Andreassen, Einar"]
[Result "0-1"]
[WhiteElo "2065"]
[BlackElo "2147"]
[PlyCount "88"]
[EventDate "2009.10.01"]
[EventType "tourn (corr)"]
[EventRounds "6"]
[EventCountry "GER"]
[SourceTitle "Corr 2013"]
[Source "ChessBase"]
[SourceDate "2012.11.12"]
[SourceVersion "1"]
[SourceVersionDate "2012.11.12"]
[SourceQuality "1"]
[WhiteTeam "US of America"]
[BlackTeam "US of America"]
[WhiteTeamCountry "USA"]
[BlackTeamCountry "USA"]

1. e4 d5 2. exd5 Nf6 3. c4 c6 4. d4 cxd5 5. Nc3 e6 6. Nf3 Bb4 7. cxd5 Nxd5 8. Qc2 Nc6 9. Bd3 Ba5 10. a3 h6 11. 0-0 0-0 12. Be3 Bb6 13. Rfd1 Bd7 14. Qe2 f5 15. h3 Be8 16. Bxh6 Nxc3 17. Qxe6+ Kh7 18. bxc3 Bd7 19. Ng5+ Qxg5 20. Qxd7 Kxh6 21. Qxb7 Rac8 22. Bf1 g6 23. Qa6 Qf4 24. Qd3 Ne5 25. Qc2 Nc4 26. Qa2 Qc7 27. Rab1 Rfe8 28. Rb4 Nd6 29. c4 Ba5 30. c5 Ne4 31. Rc4 Qf4 32. Rd3 Rb8 33. g3 Qg5 34. h4 Qf6 35. Qc2 Kg7 36. Qc1 Rb5 37. Ra4 Qc6 38. Qa1 Qb7 39. Rd1 Bc3 40. Qc1 Rb2 41. Bg2 Rxf2 42. Bxe4 Qxe4 43. Kxf2 Qe2+ 44. Kg1 Re3 0-1